00278nam a2200109Ia 4500008004100000100002000041245000900061260000900070300003400079440002400113650003100137180117s9999 xx 000 0 und d aby AA Patawaran aWHWN c2017 a20-22 pages, 2017 September 3 aPhilippine Panorama aPRAYER FOR THE PHILIPPINES